[Event "Montevideo Trebejos op 11"]
[Site "Montevideo"]
[Date "2016.11.28"]
[Round "7"]
[White "De los Reyes, Mauro"]
[Black "Conrad, Christian"]
[Result "0-1"]
[WhiteElo "1831"]
[BlackElo "2133"]
[PlyCount "46"]
[EventDate "2016.11.14"]
[EventType "swiss"]
[EventRounds "7"]
[EventCountry "URU"]
[SourceTitle "EXT 2018"]
[Source "ChessBase"]
[SourceDate "2017.10.13"]
[SourceVersion "1"]
[SourceVersionDate "2017.10.13"]
[SourceQuality "1"]

1. e4 c5 2. c3 d5 3. e5 Nc6 4. d4 Bf5 5. Nf3 e6 6. Bd3 Bxd3 7. Qxd3 cxd4 8. cxd4 Qb6 9. 0-0 Nge7 10. Nbd2 Nf5 11. Nb3 a5 12. a4 Nb4 13. Qb5+ Qxb5 14. axb5 b6 15. Bd2 Nd3 16. Bc3 h5 17. Nc1 Nxc1 18. Rfxc1 Kd7 19. b4 Bxb4 20. Bxb4 axb4 21. Rab1 Rhc8 22. Rxc8 Rxc8 23. h3 Rc4 0-1

[Event "Montevideo Trebejos op 11"]
[Site "Montevideo"]
[Date "2016.11.21"]
[Round "4"]
[White "Granara Barreto, Sebastian A"]
[Black "Conrad, Christian"]
[Result "1-0"]
[WhiteElo "2134"]
[BlackElo "2133"]
[PlyCount "67"]
[EventDate "2016.11.14"]
[EventType "swiss"]
[EventRounds "7"]
[EventCountry "URU"]
[SourceTitle "EXT 2018"]
[Source "ChessBase"]
[SourceDate "2017.10.13"]
[SourceVersion "1"]
[SourceVersionDate "2017.10.13"]
[SourceQuality "1"]

1. e4 c5 2. Nf3 e6 3. d4 cxd4 4. Nxd4 Nf6 5. Nc3 d6 6. g4 h6 7. h3 Nc6 8. Bg2 Bd7 9. Be3 a6 10. Qe2 Rc8 11. Nxc6 Bxc6 12. 0-0 Be7 13. Rad1 Qc7 14. f4 Nd7 15. Qf2 b5 16. a3 a5 17. Bd4 0-0 18. Ne2 e5 19. Be3 Qb7 20. Ng3 Nf6 21. fxe5 dxe5 22. Qf5 Bd7 23. Qxe5 Rfe8 24. Qf4 Rxc2 25. Rf2 Rxf2 26. Bxf2 Bc6 27. Re1 Bf8 28. Bd4 Nd7 29. Nf5 Nc5 30. Nxh6+ Kh7 31. Nxf7 Ne6 32. Ng5+ Nxg5 33. Qxg5 Bxe4 34. Bxe4+ 1-0

[Event "Montevideo Trebejos op 09"]
[Site "Montevideo"]
[Date "2016.09.29"]
[Round "2"]
[White "Conrad, Christian"]
[Black "Belistri, Ubaldo"]
[Result "1-0"]
[WhiteElo "2115"]
[BlackElo "1906"]
[PlyCount "49"]
[EventDate "2016.09.28"]
[EventType "swiss"]
[EventRounds "7"]
[EventCountry "URU"]
[SourceTitle "EXT 2018"]
[Source "ChessBase"]
[SourceDate "2017.10.13"]
[SourceVersion "1"]
[SourceVersionDate "2017.10.13"]
[SourceQuality "1"]

1. d4 d5 2. Nf3 Nf6 3. c4 e6 4. Nc3 Be7 5. Bg5 h6 6. Bxf6 Bxf6 7. e3 0-0 8. Rc1 c6 9. Bd3 dxc4 10. Bxc4 Nd7 11. 0-0 Re8 12. Bb3 e5 13. Re1 exd4 14. exd4 Rxe1+ 15. Qxe1 Nb6 16. Qe4 Qe7 17. Qf4 Be6 18. Re1 Qb4 19. Bxe6 fxe6 20. Qg4 Nd5 21. Qxe6+ Kh8 22. Nxd5 cxd5 23. Qxd5 Qxb2 24. Ne5 Rf8 25. Ng6+ 1-0

[Event "Montevideo Trebejos op 04"]
[Site "Montevideo"]
[Date "2016.04.25"]
[Round "7"]
[White "Vinella, Marcelo"]
[Black "Conrad, Christian"]
[Result "0-1"]
[WhiteElo "1787"]
[BlackElo "2147"]
[PlyCount "44"]
[EventDate "2016.04.11"]
[EventType "swiss"]
[EventRounds "7"]
[EventCountry "URU"]
[SourceTitle "CBM 172 Extra"]
[Source "ChessBase"]
[SourceDate "2016.06.21"]
[SourceVersion "1"]
[SourceVersionDate "2016.06.21"]
[SourceQuality "1"]

1. e4 d5 2. Nc3 dxe4 3. Nxe4 Qd5 4. Ng3 Nc6 5. Nf3 Bg4 6. Be2 0-0-0 7. h3 Bxf3 8. Bxf3 Qe5+ 9. Ne2 Nd4 10. d3 Nxf3+ 11. gxf3 Nf6 12. Bf4 Qf5 13. Qd2 e6 14. 0-0-0 Bd6 15. Be3 Qd5 16. Kb1 a6 17. Rhg1 Rhg8 18. Rg5 Qc6 19. Qa5 Qxf3 20. Nc3 Nd5 21. Re1 Bb4 22. Rg3 Qxe3 0-1

[Event "Montevideo Trebejos op 04"]
[Site "Montevideo"]
[Date "2016.04.18"]
[Round "4"]
[White "Conrad, Christian"]
[Black "Pena Canapa, Alfredo"]
[Result "1-0"]
[WhiteElo "2147"]
[BlackElo "1839"]
[PlyCount "65"]
[EventDate "2016.04.11"]
[EventType "swiss"]
[EventRounds "7"]
[EventCountry "URU"]
[SourceTitle "CBM 172 Extra"]
[Source "ChessBase"]
[SourceDate "2016.06.21"]
[SourceVersion "1"]
[SourceVersionDate "2016.06.21"]
[SourceQuality "1"]

1. d4 Nf6 2. Nf3 c5 3. d5 b5 4. c4 g6 5. Qc2 d6 6. e4 Bg7 7. cxb5 a6 8. Nc3 0-0 9. h3 e6 10. dxe6 fxe6 11. e5 dxe5 12. Be3 Nbd7 13. Ng5 Re8 14. Qb3 Nb6 15. Bxc5 Nbd5 16. Bc4 axb5 17. Bxb5 Rb8 18. Bxe8 Rxb3 19. Bf7+ Kh8 20. axb3 Nxc3 21. bxc3 Qd3 22. Bb4 Ne4 23. Rd1 Qc2 24. Rd8+ Bf8 25. Rxf8+ Kg7 26. 0-0 Nxg5 27. Rxc8 Nxf7 28. Bf8+ Kf6 29. b4 Ng5 30. Bh6 Ne4 31. c4 Nd6 32. Rc6 Nxc4 33. Rc1 1-0

[Event "Montevideo Trebejos op 04"]
[Site "Montevideo"]
[Date "2016.04.11"]
[Round "1"]
[White "Rocca, Jose"]
[Black "Conrad, Christian"]
[Result "0-1"]
[WhiteElo "1641"]
[BlackElo "2147"]
[PlyCount "80"]
[EventDate "2016.04.11"]
[EventType "swiss"]
[EventRounds "7"]
[EventCountry "URU"]
[SourceTitle "CBM 172 Extra"]
[Source "ChessBase"]
[SourceDate "2016.06.21"]
[SourceVersion "1"]
[SourceVersionDate "2016.06.21"]
[SourceQuality "1"]

1. e4 c5 2. Nf3 e6 3. d3 Nc6 4. c4 g6 5. Nc3 Bg7 6. Bd2 Nge7 7. Be2 a6 8. 0-0 0-0 9. Qc1 Nd4 10. Bh6 Nec6 11. Bxg7 Kxg7 12. Qf4 d6 13. a3 e5 14. Qg3 Be6 15. Ng5 b5 16. Qh4 h6 17. Nxe6+ fxe6 18. Qxd8 Raxd8 19. Bg4 h5 20. Bd1 bxc4 21. dxc4 Na5 22. Ne2 Nxc4 23. Nxd4 exd4 24. Bb3 Nd2 25. Bxe6 Nxf1 26. Kxf1 Kf6 27. Bd5 Ke5 28. b3 Rf4 29. f3 g5 30. h3 g4 31. hxg4 hxg4 32. Ke2 gxf3+ 33. gxf3 Rh8 34. Rf1 Rh2+ 35. Rf2 d3+ 36. Ke3 Rxf2 37. Kxf2 Kd4 38. Bc4 a5 39. a4 Rh4 40. Ke1 Ke3 0-1

[Event "Montevideo"]
[Site "Montevideo"]
[Date "2012.11.30"]
[Round "9"]
[White "Coppola, Claudio"]
[Black "Conrad, Christian"]
[Result "0-1"]
[WhiteElo "2165"]
[BlackElo "2165"]
[PlyCount "71"]
[EventDate "2012.11.24"]
[EventType "tourn"]
[EventRounds "9"]
[EventCountry "URU"]
[EventCategory "2"]
[SourceTitle "CBM 151 Extra"]
[Source "ChessBase"]
[SourceDate "2012.12.18"]
[SourceVersion "1"]
[SourceVersionDate "2012.12.18"]
[SourceQuality "1"]

1. d4 Nf6 2. Bg5 Ne4 3. Bf4 c5 4. f3 Qa5+ 5. c3 Nf6 6. d5 Qb6 7. Bc1 e6 8. e4 exd5 9. exd5 Bd6 10. Na3 0-0 11. Ne2 Re8 12. Nc4 Qa6 13. Ne3 b5 14. Ng3 c4 15. Qd4 Be5 16. Qd2 Bf4 17. Ngf5 Bb7 18. Qd4 Be5 19. Qd1 g6 20. Nh6+ Kg7 21. Be2 Qb6 22. a4 a6 23. axb5 axb5 24. Rxa8 Bxa8 25. Kf1 Qc5 26. d6 Kf8 27. Neg4 Nxg4 28. Nxg4 Bg7 29. Bf4 Nc6 30. Qd2 h5 31. Be3 Qf5 32. Nh6 Qb1+ 33. Kf2 Qxh1 34. Bf1 Qxh2 35. Bg5 Qe5 36. Kg1 0-1

[Event "Montevideo"]
[Site "Montevideo"]
[Date "2012.11.29"]
[Round "8"]
[White "Conrad, Christian"]
[Black "Larrea, Manuel"]
[Result "1-0"]
[WhiteElo "2165"]
[BlackElo "2270"]
[PlyCount "75"]
[EventDate "2012.11.24"]
[EventType "tourn"]
[EventRounds "9"]
[EventCountry "URU"]
[EventCategory "2"]
[SourceTitle "CBM 151 Extra"]
[Source "ChessBase"]
[SourceDate "2012.12.18"]
[SourceVersion "1"]
[SourceVersionDate "2012.12.18"]
[SourceQuality "1"]

1. d4 Nf6 2. Nf3 g6 3. c4 Bg7 4. g3 0-0 5. Bg2 d6 6. 0-0 a6 7. Nc3 Nc6 8. h3 Bd7 9. e4 e5 10. dxe5 dxe5 11. Be3 Re8 12. c5 Qc8 13. Kh2 Be6 14. Qa4 h6 15. Rfd1 g5 16. Nd5 Nh7 17. Rd2 Nf8 18. Rad1 Ng6 19. a3 a5 20. b3 Nge7 21. Qb5 f5 22. exf5 Bxd5 23. Rxd5 Nxd5 24. Rxd5 Ne7 25. Rd7 c6 26. Qc4+ Nd5 27. Rd6 Kh8 28. Bxg5 e4 29. Bxh6 Qxf5 30. Bxg7+ Kxg7 31. Qd4+ Kg8 32. Nh4 Qe5 33. Qd1 Nf6 34. Ng6 Qg5 35. Nf4 e3 36. Qd4 e2 37. Nxe2 Qe5 38. Rxf6 1-0

[Event "Montevideo"]
[Site "Montevideo"]
[Date "2012.11.28"]
[Round "7"]
[White "Alonso, Salvador"]
[Black "Conrad, Christian"]
[Result "1-0"]
[WhiteElo "2506"]
[BlackElo "2165"]
[PlyCount "81"]
[EventDate "2012.11.24"]
[EventType "tourn"]
[EventRounds "9"]
[EventCountry "URU"]
[EventCategory "2"]
[SourceTitle "CBM 151 Extra"]
[Source "ChessBase"]
[SourceDate "2012.12.18"]
[SourceVersion "1"]
[SourceVersionDate "2012.12.18"]
[SourceQuality "1"]

1. e4 d5 2. exd5 Qxd5 3. Nc3 Qa5 4. d4 Nf6 5. Nf3 c6 6. Bc4 Bf5 7. Bd2 e6 8. Qe2 Bb4 9. a3 Nbd7 10. 0-0 Bxc3 11. Bxc3 Qc7 12. Bb3 Bg4 13. h3 Bh5 14. Bd2 0-0-0 15. Rfe1 c5 16. dxc5 Nxc5 17. Bg5 Nce4 18. Bxf6 Nxf6 19. Qe3 Bxf3 20. Qxf3 Nd5 21. Rad1 Nf4 22. h4 h6 23. g3 Ng6 24. Qe4 Kb8 25. Bc4 Ne7 26. Bf1 Nf5 27. Bg2 g5 28. h5 Ne7 29. Qf3 Nf5 30. c3 Rhe8 31. b4 Nd6 32. c4 Nf5 33. c5 Nd4 34. Qf6 Nf5 35. a4 Qe7 36. Rxd8+ Qxd8 37. Qxf7 Re7 38. Qf6 Qe8 39. b5 Ng7 40. c6 e5 41. Qd6+ 1-0

[Event "Montevideo"]
[Site "Montevideo"]
[Date "2012.11.25"]
[Round "3"]
[White "Muniz, Rafael"]
[Black "Conrad, Christian"]
[Result "1-0"]
[WhiteElo "2238"]
[BlackElo "2165"]
[PlyCount "47"]
[EventDate "2012.11.24"]
[EventType "tourn"]
[EventRounds "9"]
[EventCountry "URU"]
[EventCategory "2"]
[SourceTitle "CBM 151 Extra"]
[Source "ChessBase"]
[SourceDate "2012.12.18"]
[SourceVersion "1"]
[SourceVersionDate "2012.12.18"]
[SourceQuality "1"]

1. e4 d5 2. exd5 Qxd5 3. Nc3 Qa5 4. d4 Nf6 5. Bd2 Qb6 6. Nf3 Bg4 7. Bc4 e6 8. 0-0 Be7 9. d5 exd5 10. Nxd5 Nxd5 11. Bxd5 0-0 12. Be3 Qa6 13. Qd4 Bxf3 14. Bxf3 Nc6 15. Qf4 Bd6 16. Qh4 Ne5 17. Bd5 c6 18. Bb3 Qa5 19. Rad1 Qc7 20. h3 Ng6 21. Qg4 a5 22. a4 Kh8 23. Qf5 b6 24. Bxb6 1-0

[Event "BL2-Nord 0203"]
[Site "Germany"]
[Date "2003.03.30"]
[Round "9.7"]
[White "Conrad, Christian"]
[Black "Mueller, Oliver"]
[Result "1/2-1/2"]
[WhiteElo "2240"]
[BlackElo "2237"]
[PlyCount "84"]
[EventDate "2002.10.20"]
[EventType "team-tourn"]
[EventRounds "9"]
[EventCountry "GER"]
[SourceTitle "EXT 2004"]
[Source "ChessBase"]
[SourceDate "2003.11.25"]
[SourceVersion "1"]
[SourceVersionDate "2003.11.25"]
[SourceQuality "1"]
[WhiteTeam "Hamburg Koenigsspringer"]
[BlackTeam "Werder Bremen II"]
[WhiteTeamCountry "GER"]
[BlackTeamCountry "GER"]

1. Nf3 d5 2. g3 c6 3. Bg2 Nf6 4. 0-0 Bg4 5. d3 e6 6. Nbd2 Nbd7 7. h3 Bh5 8. e4 Bxf3 9. Qxf3 Be7 10. Qe2 Qc7 11. Re1 dxe4 12. dxe4 e5 13. Nc4 0-0 14. a4 Rad8 15. a5 Rfe8 16. Bd2 Nc5 17. b4 Ne6 18. c3 Nd7 19. h4 b5 20. axb6 axb6 21. Bh3 b5 22. Ne3 Nf6 23. Nf5 Bf8 24. Bg5 Nxg5 25. hxg5 Nd7 26. Ra5 Ra8 27. Rea1 Rxa5 28. Rxa5 Nb6 29. Bf1 Nc4 30. Ra2 Rd8 31. Qe1 Nd6 32. Qe3 Nxf5 33. exf5 c5 34. g6 hxg6 35. fxg6 fxg6 36. Ra5 cxb4 37. cxb4 Kh7 38. Rxb5 Rd1 39. Qe4 Qc1 40. Qg2 Bd6 41. Qh3+ Kg8 42. Rb7 e4 1/2-1/2

[Event "BL2-Nord 0203"]
[Site "Germany"]
[Date "2002.10.20"]
[Round "1.8"]
[White "Conrad, Christian"]
[Black "Bach, Matthias"]
[Result "0-1"]
[WhiteElo "2240"]
[BlackElo "2342"]
[PlyCount "64"]
[EventDate "2002.10.20"]
[EventType "team-tourn"]
[EventRounds "9"]
[EventCountry "GER"]
[SourceTitle "EXT 2004"]
[Source "ChessBase"]
[SourceDate "2003.11.25"]
[SourceVersion "1"]
[SourceVersionDate "2003.11.25"]
[SourceQuality "1"]
[WhiteTeam "Hamburg Koenigsspringer"]
[BlackTeam "Hamburger SK II"]
[WhiteTeamCountry "GER"]
[BlackTeamCountry "GER"]

1. d4 d5 2. c4 e6 3. Nf3 c5 4. cxd5 exd5 5. Nc3 Nc6 6. g3 Nf6 7. Bg2 Be7 8. 0-0 0-0 9. Bg5 c4 10. Ne5 Be6 11. Nxc6 bxc6 12. b3 Qa5 13. Qc2 Rac8 14. bxc4 dxc4 15. Ne4 Rfd8 16. e3 c5 17. Bxf6 gxf6 18. Rfd1 cxd4 19. exd4 Rc7 20. Nc3 Bg4 21. f3 Bf5 22. Ne4 Kg7 23. Rab1 Bd7 24. Nc3 Bb4 25. Rxb4 Qxb4 26. Nd5 Qa5 27. Nxc7 Ba4 28. Qd2 c3 29. Qf4 Bxd1 30. Bf1 c2 31. Bd3 Qe1+ 32. Bf1 Bxf3 0-1

[Event "Wichern op 5th"]
[Site "Hamburg"]
[Date "1999.10.18"]
[Round "5.67"]
[White "Schulze, Joachim"]
[Black "Conrad, Christian"]
[Result "1/2-1/2"]
[WhiteElo "2031"]
[BlackElo "2209"]
[PlyCount "38"]
[EventDate "1999.10.15"]
[EventType "swiss"]
[EventRounds "9"]
[EventCountry "GER"]
[SourceTitle "EXT 2001"]
[Source "ChessBase"]
[SourceDate "2000.11.22"]
[SourceVersion "1"]
[SourceVersionDate "2000.11.22"]
[SourceQuality "1"]

1. e4 d5 2. exd5 Qxd5 3. Nc3 Qa5 4. d4 c6 5. Nf3 Nf6 6. Bc4 Bf5 7. 0-0 e6 8. Re1 Be7 9. Bf4 Nbd7 10. Qd2 Qd8 11. Rad1 Nb6 12. Bb3 0-0 13. Be5 a5 14. a3 a4 15. Ba2 Nbd5 16. Nxd5 exd5 17. c3 Nd7 18. Qf4 Nxe5 19. Qxf5 Nxf3+ 1/2-1/2

[Event "Wichern op 5th"]
[Site "Hamburg"]
[Date "1999.10.17"]
[Round "3.66"]
[White "Wagner, Ralf"]
[Black "Conrad, Christian"]
[Result "1-0"]
[WhiteElo "2086"]
[BlackElo "2209"]
[PlyCount "87"]
[EventDate "1999.10.15"]
[EventType "swiss"]
[EventRounds "9"]
[EventCountry "GER"]
[SourceTitle "EXT 2001"]
[Source "ChessBase"]
[SourceDate "2000.11.22"]
[SourceVersion "1"]
[SourceVersionDate "2000.11.22"]
[SourceQuality "1"]

1. d4 Nf6 2. c4 g6 3. Nc3 Bg7 4. e4 d6 5. f3 0-0 6. Bg5 c5 7. d5 e6 8. Qd2 exd5 9. cxd5 Re8 10. Nge2 a6 11. a4 Nbd7 12. Ng3 Qa5 13. Ra3 Ne5 14. Be2 Rb8 15. 0-0 c4 16. Be3 h5 17. h3 Qc7 18. a5 Ned7 19. Na4 h4 20. Nh1 Ne5 21. Nb6 Nh7 22. Rc1 Qe7 23. Nxc4 f5 24. Nf2 Nxc4 25. Rxc4 Bd7 26. Rc7 Rec8 27. Rxc8+ Rxc8 28. Bd3 Rf8 29. exf5 gxf5 30. Ra1 Re8 31. Re1 Bd4 32. Nd1 Qg7 33. Bf2 Rxe1+ 34. Qxe1 Ba4 35. Bxd4 Qxd4+ 36. Qe3 Qxe3+ 37. Nxe3 f4 38. Bxh7+ Kxh7 39. Nf5 Bb3 40. Nxh4 Bxd5 41. Nf5 Bc6 42. Nxd6 Kg6 43. Kf2 Kf6 44. h4 1-0